000 01129nam a22001937a 4500
003 OSt
005 20251217155316.0
008 251217b |||||||| |||| 00| 0 eng d
040 _cDCL
082 _a၃၂၀.၅၅၇
100 _aလဟောက် ၊ နယ်လီ။
245 0 0 _aအစ္စလာ့မ်နိုင်ငံရေးအတွေးအခေါ် (အသိပညာဆိုင်ရာနယ်နိမိတ်အတွင်းမှလေ့လာမှု) /
_cနယ်လီ လ‌ဟောက် ၊ ဘာသာပြန်သူ ကိုကိုလေး။
260 _aရန်ကုန် ၊
_bနန်းသဇင်ပုံနှိပ်တိုက်၊
_c၂၀၁၉။
300 _a၃၂၇ စာမျက်နှာ ၊
_c၂၁ စင်တီ။
500 _aPolitical Thought in Islam: A Study in Intellectual Boundaries by Nelly Lahoud
650 _aအစ္စလာ့မ်နှင့် နိုင်ငံရေး
700 _aကိုကိုလေး။
_eဘာသာပြန်သူ
942 _2ddc
_cSHORT TERM
_n0
999 _c2747
_d2747